000 00543nam a2200169 4500
999 _c512969
_d512969
008 200107b ||||| |||| 00| 0 eng d
100 _aJohri, Shatakshi
_915154
245 _aPiracy and maritime security: Regional characteristics and political legal and economic implications
260 _bWorld Affairs
300 _a23(3), Jul-Sep, 2019: p.80-101.
650 _aMaritime security
_915155
650 _aMarine engineering
_915156
700 _aKrishnan, S.
_915157
773 _aWorld Affairs
906 _aPiracy
942 _2ddc
_cAR